000 00281nam a22001337a 4500
008 170401b xxu||||| |||| 00| 0 eng d
020 _a088192055X
041 _aeng
080 _a574
100 _a9
101 _aSHM
245 _aGROWING ORCHIDS
_cRENTOUL, J.N
942 _2udc
_cBK
999 _c9412
_d9412